-any Definitions Quiz Stats

 Plays Quiz Updated May 27, 2019

Score 0/15 Timer 03:00
10 Plays Today
% Correct
Company
91.5%
Epiphany
91.2%
Mahogany
90.6%
Accompany
89.7%
Meany
85.6%
Many
85.1%
Zany
80.1%
Miscellany
77.8%
% Correct
Any
76.6%
Litany
65.4%
Rhatany
51%
Tetany
48.6%
Tiffany
37.3%
Dittany
36.1%
Tympany
35.2%

You're not logged in!

Compare scores with friends on all Sporcle quizzes.
OR
Log In

Sporcle TV

Today on Sporcle TV


Watch our educational content, quiz creation guides, and fun videos on Sporcle TV.

Show Comments

Extras

Top Quizzes Today


Score Distribution

Your Account Isn't Verified!

In order to create a playlist on Sporcle, you need to verify the email address you used during registration. Go to your Sporcle Settings to finish the process.

Report this User

Report this user for behavior that violates our Community Guidelines.

Details: